000 00583nam a2200193Ia 4500
003 GCL
008 140319s9999 xx 000 0 eng d
040 _aGCL /
_cGCL
082 0 4 _a004
_bW U
100 1 _aHUTCHINSON, SARAH E
245 1 0 _aUSING INFORMATION TECHNOLOGY: A PRACTICAL INTRODUCTION TO COMPUTERS AND COMMUNICATIONS. /
_cHUTCHINSON, SARAH E
700 1 _aWILLIAMS, BRIAN K.
700 1 _aSAWYER, STACEY C.
260 _a[S.N] :
_bIRWIN ،
_c1995
300 _a646 P
650 0 4 _aTELECOMMUNICATION - SYSTEMS
650 0 4 _aINFORMATION TECHNOLOGY
942 _2ddc
_cBK
999 _c13050
_d13050